Exposure to radio waves near mobile phone base stations. (Record no. 100668)

MARC details
000 -LEADER
fixed length control field 00812cam a2200301 4500
008 - FIXED-LENGTH DATA ELEMENTS--GENERAL INFORMATION
fixed length control field 000000n2000 000 0 eng u
020 ## - INTERNATIONAL STANDARD BOOK NUMBER
International Standard Book Number 0859514552
035 ## - SYSTEM CONTROL NUMBER
System control number (Sirsi) u107248
050 ## - LIBRARY OF CONGRESS CALL NUMBER
Classification number 614.836
100 ## - MAIN ENTRY--PERSONAL NAME
Personal name Mann, S.M.
110 ## - MAIN ENTRY--CORPORATE NAME
Corporate name or jurisdiction name as entry element National Radiological Protection Board
9 (RLIN) 241
245 ## - TITLE STATEMENT
Title Exposure to radio waves near mobile phone base stations.
260 ## - PUBLICATION, DISTRIBUTION, ETC.
Place of publication, distribution, etc. Didcot
Name of publisher, distributor, etc. NRPB
Date of publication, distribution, etc. 2000
300 ## - PHYSICAL DESCRIPTION
Extent 55p. ; 30cm
350 ## - PRICE (NR) (BK AM CF MU VM SE) [OBSOLETE]
Price 15.00
490 ## - SERIES STATEMENT
Series statement NRPB
Volume/sequential designation R321
650 ## - SUBJECT ADDED ENTRY--TOPICAL TERM
Topical term or geographic name entry element MOBILE PHONE MASTS
650 ## - SUBJECT ADDED ENTRY--TOPICAL TERM
Topical term or geographic name entry element TELECOMMUNICATION AERIALS
650 ## - SUBJECT ADDED ENTRY--TOPICAL TERM
Topical term or geographic name entry element RADIO WAVES
650 ## - SUBJECT ADDED ENTRY--TOPICAL TERM
Topical term or geographic name entry element PHONE MASTS
650 ## - SUBJECT ADDED ENTRY--TOPICAL TERM
Topical term or geographic name entry element TELECOMMUNICATION MASTS
690 ## - LOCAL SUBJECT ADDED ENTRY--TOPICAL TERM (OCLC, RLIN)
Topical term or geographic name as entry element Health and safety
9 (RLIN) 6244
700 ## - ADDED ENTRY--PERSONAL NAME
Personal name Cooper, T.G.
700 ## - ADDED ENTRY--PERSONAL NAME
Personal name Allen, S.G.
700 ## - ADDED ENTRY--PERSONAL NAME
Personal name Blackwell, R.P.
700 ## - ADDED ENTRY--PERSONAL NAME
Personal name Lowe, A.J.
942 ## - ADDED ENTRY ELEMENTS (KOHA)
Suppress in OPAC 0
Holdings
Withdrawn status Lost status Source of classification or shelving scheme Damaged status Not for loan Home library Current library Shelving location Date acquired Cost, normal purchase price Total Checkouts Full call number Barcode Date last seen Copy number Cost, replacement price Price effective from Koha item type
    Dewey Decimal Classification     Archives Archives Basement 08/09/2000 15.00   ARCHIVE F614.836 MAN 30062177 10/05/2024 1 15.00 06/08/2019 Book